| 000 | 01129nam a2200229 4500 | ||
|---|---|---|---|
| 005 | 20260106163137.0 | ||
| 010 | _aHIN-130700-701 | ||
| 020 |
_a9789392176524 (भाग-2) _c1250.00 (सैट) |
||
| 020 |
_a9789392176449 (भाग-1) _c1250.00 |
||
| 020 |
_a9789392176531 (भाग-2) _c1250.00 |
||
| 035 | _aHN-103046-47 | ||
| 037 | _bDBAD | ||
| 082 | _a425 | ||
| 100 |
_aरामगोपाल _986209 |
||
| 245 |
_aवैदिक व्याकरण / _cरामगोपाल |
||
| 260 |
_aनई दिल्ली _bनेशनल पेपरबैक्स _c2022 |
||
| 270 |
_a4230/1, अंसारी रोड ,दरियांगाज , _bनई दिल्ली _e110002 |
||
| 300 |
_a2भाग(467;624पृ. _c23सेमी(सजिल्द) |
||
| 490 | _v2खंडो का सम्पूर्ण सैट | ||
| 942 |
_2ddc _cHN _h425 _mरामगो |
||
| 999 |
_c214011 _d214011 |
||